Dom Leão e dona Catatua (Registo nº 4673)
[ vista simples ]
| 000 -Etiqueta do registo | |
|---|---|
| Cabeçalho | 00851nam0a2200289 4500 |
| 005 - Identificador da versão | |
| Campo de controlo | 20240813122108.0 |
| 010 ## - Número internacional normalizado dos livros (ISBN) | |
| Número (ISBN) | 9789899570542 |
| 021 ## - Número do Depósito Legal | |
| Código do país | PT |
| Número | 304286/10 |
| 003 - Persistent Record Identifier | |
| control field | http://id.bnportugal.gov.pt/bib/porbase/2421172 |
| 100 ## - Dados gerais de processamento | |
| Dados gerais de processamento | 20190318d2010 c y0pory5003 ba |
| 102 ## - Pais de publicação ou produção | |
| País de publicação | Portugal |
| 101 0# - Língua de publicação | |
| Língua do texto, banda sonora, etc. | Português |
| 215 ## - Descrição física | |
| Indicação específica da natureza do documento e extensão da espécie | 39, [3] p. |
| Outras indicações físicas | todo il. color |
| 200 1# - Titulo e menção de responsabilidade | |
| Título próprio | Dom Leão e dona Catatua |
| Primeira menção de responsabilidade | Manuela Micaelo |
| Outras menções de responsabilidade | il. Raquel Pinheiro |
| 225 1# - Colecção | |
| Título próprio da colecção | Cercica 4 leituras |
| 205 ## - Menção da edição | |
| Menção da edição | 1ª ed |
| 210 ## - Publicação, Distribuição, etc. | |
| Lugar da edição, distribuição, etc. | [Estoril] |
| Nome do editor, distribuidor, etc. | Cercica |
| Data da publicação, distribuição, etc. | 2010 |
| 300 ## - Notas gerais | |
| Texto da nota | PNL |
| 606 ## - Nome comum usado como assunto | |
| Número de registo de entrada de autoridade | 0001335 |
| Palavra de ordem | Literatura portuguesa |
| Subdivisão de assunto | Conto |
| Código do sistema | CA |
| 675 ## - Classificação Decimal Universal (CDU) | |
| Notação | 821.134.3-34 |
| Edição | 3ª ed. |
| Língua da edição | por |
| 702 #1 - Nome de autor-pessoa física (responsabilidade secundária) | |
| Número de registo de entrada de autoridade | 0001449 |
| Palavra de ordem | Pinheiro |
| Outra parte do nome não tomada para palavra de ordem | Raquel |
| Datas | 1976- |
| Código de função | Ilustrador / Técnico de desenho computorizado |
| 700 #1 - Nome de autor-pessoa física (responsabilidade principal) | |
| Número de registo de entrada de autoridade | 0002088 |
| Palavra de ordem | Micaelo |
| Outra parte do nome não tomada para palavra de ordem | Maria Manuela Prata |
| 966 ## - Identificação da Biblioteca | |
| Sigla | EBVEN |
| 942 ## - Elementos de entrada adicionados (Koha) | |
| Tipo de item no Koha | Livro |
| Situação do levantamento | Origin of item (home branch) (coded) | Biblioteca de empréstimo | Código de barras | Cota | Circulation type (not for loan) | Tipo de documento | Nota do exemplar | Damaged status |
|---|---|---|---|---|---|---|---|---|
| Biblioteca Escolar das Vendas | Biblioteca Escolar das Vendas | BEV2416 | 8POR MIC PNL | Livro | Sem mensagem |
